3305-江津市(島根県)の駅 - Statistics

General Stats
  • This quiz has been taken 6 times
  • The average score is 3 of 6
Answer Stats
Answer % Correct
江津
100%
波子
50%
黒松
33%
浅利
33%
都野津
33%
敬川
33%
No matching quizzes found
Score Distribution
Percent of People with Each Score
Percentile by Number Answered
Your Score History
You have not taken this quiz